[Event "OP-2011-0-01866"]
[Site "LSS email"]
[Date "2011.11.08"]
[Round "?"]
[White "Thompson, Jeff"]
[Black "Moreira, Jose Americo Paiva"]
[Result "1-0"]
[WhiteElo "638"]
[BlackElo "1750"]
[PlyCount "33"]
[EventDate "2011.11.05"]
[EventType "tourn (corr)"]
[EventRounds "4"]
[EventCountry "GER"]
[SourceTitle "Corr 2015"]
[Source "ChessBase"]
[SourceDate "2015.07.17"]
[SourceVersion "1"]
[SourceVersionDate "2015.07.17"]
[SourceQuality "1"]

1. g3 c5 2. Bg2 Nc6 3. Nf3 d5 4. Ng5 e5 5. e3 Qxg5 6. 0-0 Nf6 7. f4 Qg6 8. Nc3 Bg4 9. Bf3 Bxf3 10. Qxf3 Qxc2 11. a4 e4 12. Qe2 d4 13. exd4 cxd4 14. Nb5 Rc8 15. Na3 Bxa3 16. bxa3 d3 17. Qe3 1-0

[Event "OP-2011-0-01866"]
[Site "LSS email"]
[Date "2011.11.08"]
[Round "?"]
[White "Thompson, Jeff"]
[Black "Zmolil, Karel"]
[Result "0-1"]
[WhiteElo "638"]
[BlackElo "1225"]
[PlyCount "52"]
[EventDate "2011.11.05"]
[EventType "tourn (corr)"]
[EventRounds "4"]
[EventCountry "GER"]
[SourceTitle "Telechess CBM 157"]
[Source "ChessBase"]
[SourceDate "2013.11.12"]
[SourceVersion "1"]
[SourceVersionDate "2013.11.12"]
[SourceQuality "1"]

1. g3 d5 2. Bg2 Nf6 3. Nf3 c5 4. 0-0 Nc6 5. e3 e5 6. Nxe5 Nxe5 7. f4 Nc6 8. Nc3 Be6 9. e4 dxe4 10. Nxe4 Nxe4 11. Bxe4 Qd4+ 12. Rf2 Qxe4 13. d3 Qd5 14. c4 Qd7 15. Qf3 0-0-0 16. f5 Nd4 17. Qf4 Nxf5 18. g4 Nd4 19. Be3 Bd6 20. Qg5 f6 21. Qh4 Bxg4 22. Rg2 Nf3+ 23. Kf2 Nxh4 24. Rg3 Qf5+ 25. Ke1 Bxg3+ 26. hxg3 Qxd3 0-1

[Event "OP-2011-0-01834"]
[Site "LSS email"]
[Date "2011.10.23"]
[Round "?"]
[White "Thompson, Jeff"]
[Black "Diaz, Carlos"]
[Result "0-1"]
[WhiteElo "640"]
[BlackElo "800"]
[PlyCount "50"]
[EventDate "2011.10.19"]
[EventType "tourn (corr)"]
[EventRounds "4"]
[EventCountry "GER"]
[SourceTitle "Telechess CBM 155"]
[Source "ChessBase"]
[SourceDate "2013.07.16"]
[SourceVersion "1"]
[SourceVersionDate "2013.07.16"]
[SourceQuality "1"]

1. e4 c6 2. Bc4 d5 3. exd5 cxd5 4. Bb5+ Nc6 5. Nf3 Bg4 6. Bxc6+ bxc6 7. 0-0 Nf6 8. Re1 e6 9. d4 Bd6 10. Nc3 Qb6 11. Qd2 Bxf3 12. gxf3 0-0 13. Na4 Qc7 14. a3 Bxh2+ 15. Kf1 Bd6 16. c3 c5 17. dxc5 Bxc5 18. Nxc5 Qxc5 19. b4 Qc4+ 20. Re2 Rac8 21. f4 Ne4 22. Qc2 Nxc3 23. Bd2 Qxe2+ 24. Kg2 Ne4 25. Re1 Qxf2+ 0-1

[Event "OP-2011-0-01766"]
[Site "LSS email"]
[Date "2011.09.08"]
[Round "?"]
[White "Thompson, Jeff"]
[Black "Salinas, Evin"]
[Result "0-1"]
[WhiteElo "800"]
[BlackElo "758"]
[PlyCount "48"]
[EventDate "2011.09.05"]
[EventType "tourn (corr)"]
[EventRounds "4"]
[EventCountry "GER"]
[SourceTitle "Telechess CBM 151"]
[Source "ChessBase"]
[SourceDate "2012.11.13"]
[SourceVersion "1"]
[SourceVersionDate "2012.11.13"]
[SourceQuality "1"]

1. b3 e5 2. Bb2 d6 3. g3 Bf5 4. Nf3 Be7 5. e3 Nc6 6. Bd3 e4 7. Nh4 exd3 8. Nxf5 Nb4 9. Bc3 Nxc2+ 10. Kf1 Nxa1 11. Bxa1 Bf6 12. Bxf6 Qxf6 13. g4 0-0-0 14. Nc3 g6 15. Nd4 a6 16. g5 Qxg5 17. Rg1 Nf6 18. f4 Qh4 19. Nf3 Qh3+ 20. Rg2 Ng4 21. Ng5 Nxe3+ 22. Ke1 Nxg2+ 23. Kf1 Ne3+ 24. Ke1 Qf1# 0-1